Rozpoznaj drużynę CS:GO po składzie! - Statystyki

Ogólne statystyki
  • Ten quiz został rozwiązany 1 324 razy
  • Średni wynik to 15 z 35
Statystyki odpowiedzi
Skład Drużyna % Poprawnych
Xyp9x, dupreeh, gla1ve, Magisk, device, zonic - trener Astralis
89%
MICHU, Snax, OKOLICIOUZ, Vegi, snatchie, kuben - trener Virtus.pro
88%
SZPERO, phr, Furlan, GruBy, kaper, miNirox - trener AGO
82%
AdreN, olofmeister, GuardiaN, NiKo, rain, YNk - trener FaZe Clan
82%
Edward, Zeus, flamie, s1mple, electronic, Kane - trener Natus Vincere
69%
NBK, RpK, ZywOo, apEX, ALEX, XTQZZZ - trener Vitality
63%
gob b, tabseN, tiziaN, nex, XANTARES, LEGIJA - trener BIG
61%
FalleN, fer, coldzera, TACO, felps, zews - trener MIBR
59%
karrigan, chrisJ, woxic, frozen, ropz, Rejin - trener mousesports
59%
cajunb, Golden, autimatic, RUSH, vice, valens - trener Cloud9
55%
allu, Aerial, xseveN, Aleksib, sergej, Twista - trener ENCE
55%
nitr0, Twistzz, Stewie2K, NAF, EliGE, AdreN - trener Liquid
54%
f0rest, GeT_RiGhT, dennis, Lekr0, REZ, pita - trener Ninjas in Pyjamas
53%
matty, tecek, NEEX, Patitek, nawrot, Hyper - trener Izako Boars
47%
jks, AZR, jkaem, Gratisfaction, Liazz, kassad - trener Renegades
47%
arT, VINI, yuurih, KSCERATO, ableJ, guerri - trener FURIA
41%
aizy, Kjaerbye, JUGi, gade, valde, mithR - trener North
40%
friberg, es3tag, mertz, stavn, blameF, peacemaker - trener Heroic
35%
syrsoN, denis, Spiidi, mirbit, faveN, tow b - trener Sprout
34%
Summer, BnTeT, AttackeR, somebody, xccurate TYLOO
33%
steel, HEN1, LUCAS1, boltz, NEKIZ, zakk - trener Luminosity
32%
ANGE1, oskar, loWel, ISSAA, nukkye, Imbt - trener HellRaisers
31%
daps, tarik, Brehze, Ethan, CeRq, ImAPet - trener NRG
31%
fitch, SANJI, buster, qikert, Jame, dastan - trener AVANGAR
30%
TaZ, MINISE, rallen, mouz, dycha, Loord - trener ex-devils.one
30%
ShahZaM, dephh, stanislaw, Rickeh, SicK compLexity
28%
Ex6TenZ, ScreaM, HS, hampus, nawwk, chrille - trener GamerLegion
28%
Snappi, MSL, k0nfig, niko, refrezh, ruggah - trener OpTic
28%
SOKER, mixwell, ALEX, mopoz, DeathZz, bladE - trener Movistar Riders
23%
chopper, S0tF1k, COLDYY1, somedieyoung, iDISBALANCE, Certus - trener Spirit
23%
bubble, v1c7oR, blocker, SHiPZ, poizon, Shockwave - trener Windigo
22%
bondik, WorldEdit, Kvik, Boombl4, n0rb3r7, pipsoN - trener Winstrike
21%
seized, Dima, jR, crush, scoobyxie, Fierce - trener Vega Squadron
20%
huNter, LETN1, nexa, ottoNd, EspiranTo Valiance
16%
TENZKI, RUBINO, hallzerk, cromen, Radifaction, RoSeY - trener Nordavind
12%
Nie znaleziono quizów pasujących do podanych kryteriów
Rozkład punktacji
Procent ludzi z każdym wynikiem
Percentyl według liczby udzielonych odpowiedzi
Twoja historia wyników
Nie rozwiązałeś tego quizu